Statistics for Blurred Country Shapes

Click here to take the quiz!

General Stats

  • This quiz has been taken 34 times
  • The average score is 14 of 16

Answer Stats

Answer% Correct
Australia
100%
Canada
100%
Egypt
100%
France
100%
Iceland
100%
China
97%
India
97%
Japan
97%
Russia
94%
Somalia
94%
South Africa
90%
Peru
81%
Afghanistan
77%
United Arab Emirates
71%
Vatican City
61%
Kiribati
58%

Score Distribution

Percentile by Number Answered

Percent of People with Each Score

Your Score History

You have not taken this quiz